| 000 | 00959cam a22002533a 4500 | ||
|---|---|---|---|
| 001 | 1923 | ||
| 003 | PGUSA | ||
| 005 | 20140828083008.0 | ||
| 008 | 991001s1999||||xxu|||||s|||||000 1 eng d | ||
| 040 |
_aPGUSA _beng |
||
| 042 | _adc | ||
| 050 | 4 | _aPS | |
| 100 | 1 |
_aReeve, Arthur B. _q(Arthur Benjamin), _d1880-1936 |
|
| 245 | 1 | 4 |
_aThe Poisoned Pen _h[electronic resource] / _cArthur B. Reeve |
| 260 |
_bProject Gutenberg, _c1999 |
||
| 505 | 0 | _aThe poisoned pen -- The yeggman -- The germ of death -- The firebug -- The confidence king -- The sand-hog -- The white slave -- The forger -- The unofficial spy -- The smuggler -- The invisible ray -- The campaign grafter. | |
| 506 | _aPublic domain in the USA. | ||
| 516 | _aElectronic text | ||
| 653 | _aShort stories | ||
| 653 | _aUnited States -- Social life and customs -- 20th century -- Fiction | ||
| 830 | 0 |
_aProject Gutenberg _v1923 |
|
| 856 | 4 | 0 | _uhttp://www.gutenberg.org/ebooks/1923 |
| 942 | _cEB | ||
| 999 |
_c231265 _d231265 |
||